Anime by Bad Descriptions - Statistics

General Stats
  • This quiz has been taken 543 times
  • The average score is 11 of 20
Answer Stats
Hint Answer % Correct
Regular guy trains every day for years, which makes him become extremely powerful, but also makes him go bald One Punch Man
90%
You don't want your name in this book Death Note
85%
Guy yells very loudly, then his hair changes colours Dragon Ball Z
84%
Giant men destroy a boy's town and family. He vows to get revenge and exterminate all of them by becoming a giant as well Attack On Titan
80%
"Maybe the real treasure was the friends we made along the way!" One Piece
78%
Boy who can't breathe learns to breathe, goes on a quest to defeat Micheal Jackson Demon Slayer
74%
Boy eats idols hair, gains his superpower My Hero Academia
67%
Highschool boy eats a weird thing, then transfers to new highschool and learns sorcery Jujutsu Kaisen
62%
Outcast without magic gets a cool book that counters magic Black Clover
53%
Ginger kid can see ghosts, then gets grim reaper powers and goes to save the world Bleach
53%
Fighting in cool giant robot mechs Neon Genesis Evangelion
47%
Guy has a near death experience then for some reason he can level up like in a video game Solo Leveling
46%
Dysfunctional family keeps lying to each other Spy x Family
45%
Immortal simp tries to get girls but dies multiple times in the process Re:Zero
44%
Guy gets trapped in a VR game, he basically meets his future wife in the game before escaping Sword Art Onlne
43%
"I'm gonna talk to you until you lose!" Naruto
39%
The main character is basically Saitama, but he lives in a world with magic Mashle: Magic and Muscles
37%
Everybody becomes hard, the main character doesn't like it at all Dr Stone
22%
Boy thought his parents were dead his whole life, turns out they were alive and well and they just left him lol Hunter x Hunter
22%
Another guy screams, his hair also changes colour Tokyo Ghoul
16%
No matching quizzes found
Score Distribution
Percent of People with Each Score
Percentile by Number Answered
Your Score History
You have not taken this quiz